Acuerdos del Cabildo de Tenerife. (Record no. 176906)
[ view plain ]
| 000 -LEADER | |
|---|---|
| campo de control de longitud fija | 01113nam a22002535i 4500 |
| 001 - NÚMERO DE CONTROL | |
| campo de control | 176906 |
| 003 - IDENTIFICADOR DE NÚMERO DE CONTROL | |
| campo de control | ES-MaACL |
| 005 - FECHA Y HORA DE LA ÚLTIMA TRANSACCIÓN | |
| campo de control | 20250807061406.0 |
| 008 - DATOS DE LONGITUD FIJA--INFORMACIÓN GENERAL | |
| campo de control de longitud fija | 110217s1965 sp |||| | spa d |
| 080 ## - NÚMERO DE LA CLASIFICACIÓN DECIMAL UNIVERSAL | |
| Número de la Clasificación Decimal Universal | 94(460.411)"1514/1518"(093) |
| 110 1# - ENTRADA PRINCIPAL--NOMBRE DE ENTIDAD CORPORATIVA | |
| Nombre de entidad corporativa o nombre de jurisdicción como elemento de entrada | Tenerife. |
| Unidad subordinada | Cabildo Insular. |
| 9 (RLIN) | 6938 |
| 245 10 - MENCIÓN DEL TÍTULO | |
| Título | Acuerdos del Cabildo de Tenerife. |
| Número de parte o sección de la obra | III, |
| Nombre de parte o sección de la obra | 1514-1518 |
| Resto del título | : con un apéndice de documentos sobre el gobierno de las Islas / |
| Mención de responsabilidad, etc. | edición y estudio de Elías Serra Ráfols y Leopoldo de la Rosa. |
| 260 ## - PUBLICACIÓN, DISTRIBUCIÓN, ETC. | |
| Lugar de publicación, distribución, etc. | San Cristóbal de La Laguna, Isla de Tenerife : |
| Nombre del editor, distribuidor, etc. | [Instituto de Estudios Canarios], |
| Fecha de publicación, distribución, etc. | 1965. |
| 300 ## - DESCRIPCIÓN FÍSICA | |
| Extensión | XXIII, 280 p. ; |
| Dimensiones | 28 cm. |
| 490 1# - MENCIÓN DE SERIE | |
| Mención de serie | Fontes rerum Canarium : colección de textos y documentos para la historia de Canarias ; |
| Designación de volumen o secuencia | 13 |
| 500 ## - NOTA GENERAL | |
| Nota general | Índice. |
| 651 #4 - PUNTO DE ACCESO ADICIONAL DE MATERIA--NOMBRE GEOGRÁFICO | |
| Nombre geográfico | Tenerife- |
| Subdivisión general | Historia- |
| Subdivisión de forma | Fuentes. |
| 9 (RLIN) | 145253 |
| 700 0# - ENTRADA AGREGADA--NOMBRE PERSONAL | |
| Nombre de persona | Serra Ràfols, Elías. |
| 9 (RLIN) | 105653 |
| 700 0# - ENTRADA AGREGADA--NOMBRE PERSONAL | |
| Nombre de persona | Rosa Olivera, Leopoldo de la. |
| 9 (RLIN) | 99618 |
| 710 2# - ENTRADA AGREGADA--NOMBRE DE ENTIDAD CORPORATIVA | |
| Nombre de entidad corporativa o nombre de jurisdicción como elemento de entrada | Instituto de Estudios Canarios. |
| 9 (RLIN) | 4891 |
| 830 00 - PUNTO DE ACCESO ADICIONAL DE SERIE-TÍTULO UNIFORME | |
| Título uniforme | Fontes rerum Canariarum |
| Designación de volumen o secuencia | 13 |
| 9 (RLIN) | 190299 |
| 852 ## - LOCALIZACIÓN | |
| Ubicación | ES-MaACL |
| Número de control de estantería | E-14343 |
| Encuadernación | Olim P-648 |
| Estatus retirado | Estado de pérdida | Estado de daño | No para préstamo | Biblioteca de origen | Biblioteca actual | Ubicación en estantería | Fecha de adquisición | Fuente de adquisición | Total de préstamos | Signatura topográfica completa | Código de barras | Visto por última vez | Precio de reemplazo | Tipo de ítem Koha |
|---|---|---|---|---|---|---|---|---|---|---|---|---|---|---|
| Biblioteca del Ateneo de Madrid | Biblioteca del Ateneo de Madrid | Depósito 2 | 17/02/2011 | E-14343 | 1185805 | 23/02/2023 | 23/02/2023 | Libro impreso |
